000 00599nam a2200229Ia 4500
005 20251020182512.0
008 200515s9999 xx 000 0 und d
020 _a84-283-0382-7
082 _a651.74/.76/M26/1990
100 _aMartin Vivaldi, Gonzalo
245 0 _aCurso de redacción : teoría y práctica de la COMPOSICIÓN y del ESTILO. Del pensamiento a la palabra
250 _a21.ed.
260 _aMadrid
260 _bPARANINFO S.A.
260 _c1990
300 _a494 p.
500 _a2 ejemplares
650 _aREDACCION
942 _cLIB
999 _c1453
_d1453